000
00263nam a2200109Ia 4500
008
230907s9999||||xx |||||||||||||| ||und||
082
_a
6.3
_b
MUL
100
_a
Gerhard Weiss
_9
115395
245
0
_a
Multiagent systems
300
_a
xlviii, 867 pages :
942
_c
BK
999
_c
598314
_d
598314